000 00528nam a2200205Ia 4500
005 20250923144707.0
008 008 250917s9999 xx 000 0 eng d
037 _aTextual
040 _aDSWL
_beng
_cDSWL
041 _aeng
_2eng
084 _qDSWL
100 _aRandhawa, Nath
_9827458
245 0 _aFarmers of India, Vol. I
_cby Nath Randhawa
260 _aNew Delhi
_bNew Delhi I.C.A.R.
_c1959
300 _a302p.
365 _aINR
_b14
925 _g14
942 _cTEXL
999 _c1442144
_d1442144